|
|
|
|
| LEADER |
00000cam a2200000 a 4500 |
| 001 |
vtls010540904 |
| 003 |
SK-MaSNL |
| 005 |
20260302012959.0 |
| 008 |
240314s2013 xo a b 000 0 slo |
| 015 |
|
|
|a SNBA2013/10
|
| 020 |
|
|
|a 9788007022577
|q (brož.)
|
| 035 |
|
|
|a B71330BF-1F62-4BAA-A46F-DE93091F8895
|
| 035 |
|
|
|a urn:nbn:sk:snk-amkyw8
|
| 035 |
|
|
|a urn:nbn:sk:snk-am008pmn
|
| 040 |
|
|
|a SNK
|b slo
|c SNK
|e AACR2
|
| 041 |
0 |
|
|a slo
|
| 044 |
|
|
|a xo
|c SK
|
| 072 |
|
7 |
|a 811.162.4
|x Slovenčina
|2 konspekt
|
| 072 |
|
7 |
|a 373.2/.3
|x Predškolská a primárna výchova a vzdelávanie
|2 konspekt
|
| 080 |
|
|
|a 811.162.4
|2 2001
|
| 080 |
|
|
|a 81'35
|2 2001
|
| 080 |
|
|
|a 373.3
|2 2001
|
| 080 |
|
|
|a (075.2)
|2 2001
|
| 080 |
|
|
|a (076.3)
|2 2001
|
| 100 |
1 |
|
|a Holovačová, Anna
|4 aut
|9 367081
|
| 245 |
1 |
0 |
|a Zábavné diktáty a pravopisné cvičenia
|b pre 1. stupeň základných škôl : [vybrané slová - slovné druhy : hláskovanie - spodobovanie spoluhlások - abeceda - veta : vzory podstatných mien
|c Anna Holovačová ; [ilustrácie Miriam Onderíková]
|
| 250 |
|
|
|a 4. aktualiz. vyd.
|
| 260 |
|
|
|a Bratislava
|b Príroda
|c 2013
|
| 300 |
|
|
|a 104 s.
|b ilustr.
|c 21 cm
|
| 650 |
0 |
7 |
|a slovenčina
|2 SNKPH
|9 1350
|
| 650 |
0 |
7 |
|a pravopis
|2 SNKPH
|9 868
|
| 650 |
0 |
7 |
|a Slovak language
|2 SNKPHeng
|9 266031
|
| 650 |
0 |
7 |
|a Orthography and spelling
|2 SNKPHeng
|9 282043
|
| 655 |
|
7 |
|a diktáty a cvičenia
|2 SNKPH
|9 70566
|
| 655 |
|
7 |
|a učebnice základných škôl
|2 SNKPH
|9 70187
|
| 655 |
|
7 |
|a Textbooks (elementary)
|2 SNKPHeng
|9 276977
|
| 655 |
|
7 |
|a Language exercises and dictations
|2 SNKPHeng
|9 316923
|
| 700 |
1 |
|
|a Onderíková, Miriam
|4 ill
|9 320121
|
| 852 |
|
|
|a Štátna vedecká knižnica v Banskej Bystrici
|
| 919 |
|
|
|a 978-80-07-02257-7
|
| 999 |
|
|
|c 1011321
|d 1013251
|
| 952 |
|
|
|a SNK
|b SNK
|y VYP
|7 0
|p 17A1113354
|o snkSC 156151 D1
|i snk2014/15244
|8 0
|0 0
|1 0
|4 0
|d 2014-07-07
|l 0
|r 2026-02-24 12:52:36
|w 2026-02-24
|
| 952 |
|
|
|a SNK
|b SNK
|y PREZ
|7 0
|p 17A1083466
|o snkSC 156151
|i snk2013/22616
|8 0
|0 0
|1 0
|4 0
|d 2013-09-25
|f 1
|l 0
|r 2025-08-18 00:00:00
|w 2026-02-24
|